000 00435nam a2200145Ia 4500
008 230917s9999||||xx |||||||||||||| ||und||
040 _e171274
_aMAIN
041 _aEnglish
082 _a891.43301731 SK44J
100 _aकुमार संभव
245 0 _aजंग का मैदान
260 _aइलाहाबाद
_bप्रतिमान प्रकाशन
_c1982
300 _a119 पृ. p.
942 _cHN
999 _c36351
_d36351